| 000 | 00588nam a2200217Ia 4500 | ||
|---|---|---|---|
| 005 | 20241129110021.0 | ||
| 008 | 241129s9999||||xx |||||||||||||| ||und|| | ||
| 020 | _a978-93-91167-50-7 | ||
| 037 | _aTB | ||
| 040 |
_aARTS _beng _cARTS |
||
| 041 |
_aeng _2eng |
||
| 084 |
_aS873 R3 _qARTS |
||
| 100 |
_aKhan Imran Au. _9555689 |
||
| 245 | 0 |
_aCross - cultural psychology _cKhan Imran Au. |
|
| 260 |
_aNew Delhi, India _bNew Bio-Green Books _c2023 |
||
| 300 | _aviii,296p. | ||
| 365 |
_aINR _b2950 |
||
| 650 | _aPsychology | ||
| 942 |
_cTB _hS873 R3 |
||
| 999 |
_c1227007 _d1227007 |
||